00358cam a2200157ua 45000010005000000080039000050400009000440410008000530820012000611000022000732450034000952500009001292600034001383000010001726530018001827296141210n ii |||gr||||Z||||||ben cMAIN aben a891.442 aLal, D.,eAuthor. aChandraguptacBy Dijendra Lal a1st. aKolkatta:bThe Modern,c1969. a176p. aBengali drama